Development of Thought about Relationships Between Language and Culture

Salvato in:
Dettagli Bibliografici
Autore principale: Breveníková, Daniela
Natura: Capitolo di libro
Lingua:inglese
Soggetti:
Tags: Aggiungi Tag
Nessun Tag, puoi essere il primo ad aggiungerne!!

MARC

LEADER 00000naa$a2200000$$$4500
001 0242258
005 20240502083650.0
041 0 |a eng 
044 |a DE 
245 1 0 |a Development of Thought about Relationships Between Language and Culture  |c Daniela Breveníková 
610 2 0 |a jazykoveda 
610 2 0 |a jazyk štátny 
610 2 0 |a jazyky cudzie 
610 2 0 |a kultúra 
610 2 0 |a spoločnosť 
610 2 0 |a komunikácia 
610 2 0 |a kompetencie komunikačné 
100 1 |a Breveníková, Daniela